| 000 | 00512nam a2200097Ia 4500 | ||
|---|---|---|---|
| 008 | 170517s9999 xx 000 0 und d | ||
| 245 | _aWay Beyond Weight | ||
| 300 | _aAcross the globe, millions of children are struggling with being overweight. It's an epidemic that places the longevity of our future generations in peril. The feature-length documentary Way Beyond Weight examines the factors that have led to this health... | ||
| 650 | _xTechnology. | ||
| 856 | _uhttp://topdocumentaryfilms.com/way-beyond-weight/ | ||
| 999 |
_c335143 _d335143 |
||